000 01038nam a22002777i 4500
005 20251108174541.0
008 250721s2004 200a cr 000 0 ara d
020 _a9773455181
041 1 _aara
082 1 4 _a595.7
_bه ا و
100 1 _aهاول، لورا
_eمؤلف.
245 1 2 _aالفراشات /
_cتأليف لورا هاول، روزاموند كيدمان كوكس، باربارا كورك ؛ ترجمة إيهاب عبدالسلام.
260 1 _c.
264 3 1 _aالقاهرة :
_bدار الفاروق للنشر والتوزيع.
_c2004.
300 _a23 صفحة.
490 0 _aهذا خلق الله.
650 1 7 _aالعلوم.
650 1 7 _aالفراشات.
653 _aاطفال مرحله متوسطه (6-9) سنوات.
700 1 _aكورك، باربارا
_eمؤلف.
700 1 _aكوكس، روزاموند كيدمان.
700 1 _aعبد السلام، إيهاب
_eمترجم.
830 1 0 _aهذا خلق الله.
942 _2ddc
_cBK
999 _c112041
_d112041